| 000 | 00672nam a2200229 a 4500 | ||
|---|---|---|---|
| 008 | |||
| 049 | _aMAIN | ||
| 090 |
_aTA890 _bMAR |
||
| 100 | _aMartin, L.H. | ||
| 245 | 0 |
_aStructured design of steework to BS5950 / _cL.H. Martin and J.A. Purkiss. |
|
| 260 |
_aLondon : _bHodder and Stughton, _c1992. |
||
| 300 |
_av, 468 p. _bill. ; _c25cm. |
||
| 504 | _aIncludes bibliographical references. | ||
| 500 | _aIncludes index. | ||
| 650 | _aDesign of steelwork. | ||
| 700 | _aPurkiss, J.A. | ||
| 907 |
_a.b10097120 _b21-02-13 _c26-11-03 |
||
| 003 | |||
| 005 | 20230123133513.0 | ||
| 040 | _cNUST | ||
| 942 |
_cBOOKS _kTA890 _mMAR |
||
| 999 |
_c149739 _d149739 |
||